000 00677nam a22001817a 4500
003 UA-OsUOA
001 16414
007 ta
008 20040108b un ||||| |||| 00| 0 ukr d
100 _aІльчук В.
942 _cSA
040 _aUA-OsUOA
_cUA-OsUOA
_dUA-OsUOA
245 _aОлександр Литвинчук: Я збираю історію Рівного по крупинках: [Рівнянин О. Литвинчук збирає фотографії та листівки з історії м. Рівного]
300 _aС.12
955 _a0
773 0 _w0
_tОго
_dРівне
_d2003
_g№186/30 жовт./
650 7 _aКолекціонування
_2UDC
999 _c302579
_d302579